Si yo volviera a ser niño /
Guardado en:
| Autor Principal: | |
|---|---|
| Formato: | Libro |
| Publicado: |
Buenos Aires :
La Pléyade,
1973
|
| Materias: | |
| Etiquetas: |
Agregar Etiqueta
Sin Etiquetas, Sea el primero en etiquetar este registro!
|
| LEADER | 00524nam a22001815a 4500 | ||
|---|---|---|---|
| 001 | CEM.cems008601 | ||
| 005 | 20060214000000.0 | ||
| 008 | 130507s1973##################000#0#####d | ||
| 003 | CEMS | ||
| 082 | 0 | 4 | |a 370 |
| 100 | 1 | |a Korczak, Janusz | |
| 245 | 1 | 0 | |a Si yo volviera a ser niño / |
| 260 | |a Buenos Aires : |b La Pléyade, |c 1973 | ||
| 300 | |a 171 p. | ||
| 653 | |a Educacion | ||
| 653 | |a Psicopedagogia | ||
| 859 | |a CEMS |b BIB. CEMS - 11 de abril |h 370 |i K841 |p 6752.79 |t Ej.1 | ||
| 859 | |a CEMS |b BIB. CEMS - 11 de abril |h 370 |i K841 |p 6753.79 |t Ej.2 | ||
